-Cry- Words and Crying Things - Statistics

General Stats
  • This quiz has been taken 25 times
  • The average score is 8 of 15
Answer Stats
Hint Answer % Correct
Bob Marley sang "No..., no cry!" Woman
87%
You shouldn't cry over spilt ... Milk
83%
An underground burial place Crypt
78%
These animals cry in a Prince song Doves
78%
To put into code or cipher Encrypt
65%
Salt, diamonds and quartz are types of... Crystals
57%
To decipher Decrypt
57%
A type of digital money Cryptocurrency
52%
It cried wee-wee-wee all the way home Piggy
52%
To cry ... is to call for help when you don't need it Wolf
52%
When you cry ... tears you are faking Crocodile
48%
A type of paint Acrylic
43%
The act of copying or imitating Mimicry
22%
Of questionable authorship or authenticity Apocryphal
4%
Instrument to measure the freezing point of liquid Cryptoscope
0%
No matching quizzes found
Score Distribution
Percent of People with Each Score
Percentile by Number Answered
Your Score History
You have not taken this quiz